[Event "AUTO-OPEN-3237"]
[Site "http://www.queenalice.com/game.php?id=1275155"]
[Date "2014.4.22"]
[Round "1"]
[White "NatanEstivallet"]
[Black "rocket"]
[Result "0-1"]
[WhiteElo "1998"]
[BlackElo "1356"]

1. d4 d5 2. Nf3 Nc6 3. g3 Bf5 4. c3 Nf6 5. Bg2 e6 6. O-O Bd6 7. Nbd2 Qe7 8. Re1
O-O-O 9. Qa4 Rd7 10. b4 b6 11. b5 Na5 12. Nb3 c5 13. Nxa5 bxa5 14. Qxa5 Rb7 15.
Nh4 g5 16. Nxf5 exf5 17. Bxg5 h6 18. Be3 c4 19. Rab1 Rb6 20. Qa4 Ne4 21. Qc2 h5
22. a4 f6 23. a5 Rb7 24. Qa4 Nxc3 25. Qa2 Nxa2 0-1

[Event "Challenge"]
[Site "http://www.queenalice.com/game.php?id=1276016"]
[Date "2014.4.25"]
[Round "-"]
[White "rocket"]
[Black "ABenatte"]
[Result "1-0"]
[WhiteElo "1356"]
[BlackElo "1451"]

1. e4 e5 2. Bc4 Nf6 3. Nc3 Nc6 4. Nf3 Bc5 5. h3 O-O 6. d3 Re8 7. Bd2 b6 8. Ng5
Rf8 9. Nf3 Bb7 10. a3 Nd4 11. Nxd4 Bxd4 12. Qf3 c6 13. O-O-O d5 14. Ba2 Qd6 15.
Qg3 h6 16. Bxh6 1-0

[Event "AUTO-OPEN-3306"]
[Site "http://www.queenalice.com/game.php?id=1300484"]
[Date "2014.8.9"]
[Round "1"]
[White "traub"]
[Black "rocket"]
[Result "1-0"]
[WhiteElo "1704"]
[BlackElo "1454"]

1. e4 e5 2. f4 exf4 3. Nf3 Nc6 4. Bc4 Nf6 5. O-O h6 6. e5 Ne4 7. d3 Nc5 8. Bxf4
Be7 9. d4 Ne4 10. Bb3 d5 11. exd6 Nxd6 12. Nc3 Bf5 13. a3 g5 14. Be3 g4 15. Ne5
f6 16. Nxg4 h5 17. Nh6 Qd7 18. Qxh5+ Kd8 19. Nf7+ Nxf7 20. Qxf7 Kc8 21. Rxf5 Nd8
22. Qc4 Qxf5 23. Rf1 Qg6 24. Nd5 Bd6 25. Bf4 Rg8 26. Ne7+ Kb8 27. Nxg6 Rxg6 28.
Bxd6 cxd6 29. Qd5 1-0

[Event "AUTO-OPEN-3306"]
[Site "http://www.queenalice.com/game.php?id=1300485"]
[Date "2014.8.9"]
[Round "1"]
[White "rocket"]
[Black "traub"]
[Result "0-1"]
[WhiteElo "1461"]
[BlackElo "1697"]

1. e4 Nf6 2. Nc3 e5 3. d3 d5 4. Bg5 d4 5. Nd5 Be7 6. Nf3 Nxd5 7. Bxe7 Nxe7 8.
Nxe5 Nec6 9. Nf3 Be6 10. Be2 Nd7 11. Qd2 O-O 12. h3 f5 13. e5 Ndxe5 14. h4 f4
15. O-O-O Qd5 16. b3 b5 17. c4 dxc3 18. Qc2 Nd4 19. Nxd4 Qxd4 20. f3 Bf5 21. g4
fxg3 22. Rhg1 Qf4+ 23. Kb1 Nxf3 24. Rgf1 Nd2+ 25. Rxd2 Qxd2 26. Rg1 Rae8 27. Bh5
Bxd3 0-1

[Event "AUTO-OPEN-3306"]
[Site "http://www.queenalice.com/game.php?id=1300522"]
[Date "2014.8.9"]
[Round "1"]
[White "kykobr"]
[Black "rocket"]
[Result "0-1"]
[WhiteElo "1716"]
[BlackElo "1382"]

1. e4 e5 2. Nf3 Nc6 3. Bb5 Bc5 4. c3 a6 5. Bxc6 bxc6 6. O-O Qe7 7. Qe2 Bb7 8. d4
Bd6 9. Bg5 Nf6 10. Nbd2 h6 11. dxe5 Bxe5 12. Nxe5 Qxe5 13. Bxf6 Qxf6 14. e5 Qe6
15. Rfe1 c5 16. f3 h5 17. Ne4 Bxe4 18. Qxe4 c6 19. Red1 g5 20. Rd6 Qe7 21. Rad1
Ra7 22. e6 fxe6 23. Qg6+ Kd8 24. Rxc6 h4 25. Rxe6 Qxe6 26. Qxg5+ Kc8 27. Qxc5+
Rc7 28. Qb4 Qe2 29. Qd4 Rg8 30. Qf2 Qxd1+ 0-1

[Event "AUTO-OPEN-3306"]
[Site "http://www.queenalice.com/game.php?id=1300523"]
[Date "2014.8.9"]
[Round "1"]
[White "rocket"]
[Black "kykobr"]
[Result "0-1"]
[WhiteElo "1415"]
[BlackElo "1748"]

1. e4 c5 2. Bc4 e6 3. Nf3 Nc6 4. Nc3 a6 5. d3 Qc7 6. Bd2 Nf6 7. Qe2 b5 8. Bb3
Bb7 9. a3 Be7 10. Ba2 O-O 11. Nd1 Ne5 12. Ne3 c4 13. dxc4 bxc4 14. Nxc4 Nxc4 15.
Bxc4 Nxe4 16. Bb3 Nxd2 17. Nxd2 Bxg2 18. Rg1 Bd5 19. O-O-O Bxb3 20. Nxb3 a5 21.
Qg4 Bf6 22. h4 a4 23. Nd4 g6 24. h5 Qe5 25. c3 Bg5+ 26. Kb1 Bh6 27. Nf3 Qc7 28.
hxg6 fxg6 29. Nh4 Rf6 30. Qd4 Rf4 31. Qd3 Rxh4 32. Qf3 Rb8 33. Rde1 Rf4 34. Qg3
Qc5 35. Qh2 Qxc3 36. Re2 Bg7 37. Qxf4 Rxb2+ 0-1

[Event "AUTO-INT-2910"]
[Site "http://www.queenalice.com/game.php?id=1313657"]
[Date "2014.10.9"]
[Round "1"]
[White "vincenzo"]
[Black "rocket"]
[Result "0-1"]
[WhiteElo "1638"]
[BlackElo "1540"]

1. d4 d5 2. c3 Bf5 3. Na3 Nc6 4. Bf4 a6 5. e3 Nf6 6. Nf3 e6 7. Bd3 Bd6 8. Ne5
Bxe5 9. dxe5 Nd7 10. O-O h5 11. Bxf5 exf5 12. Qxd5 Nb6 13. Qxd8+ Nxd8 14. Rfd1
Ne6 15. Nc2 g5 16. Bg3 Nc4 17. f4 g4 18. Nb4 c6 19. b3 Nxe3 20. Rd3 a5 21. Rxe3
h4 22. Bf2 O-O-O 23. Nc2 Nxf4 24. Nd4 c5 25. Nxf5 Rd2 26. Nd6+ Kb8 27. Nxf7 Rg8
28. Nh6 Rg6 29. Nf5 g3 30. Nxh4 gxf2+ 31. Kf1 Rh6 32. Rf3 Rxh4 33. g3 Rxh2 34.
gxf4 Rh1+ 35. Kg2 f1=Q+ 36. Kg3 Qg2# 0-1

[Event "AUTO-INT-2910"]
[Site "http://www.queenalice.com/game.php?id=1313658"]
[Date "2014.10.9"]
[Round "1"]
[White "rocket"]
[Black "vincenzo"]
[Result "1-0"]
[WhiteElo "1448"]
[BlackElo "1600"]

1. e4 e5 2. Bc4 Nh6 3. Nf3 f6 4. d3 Bc5 5. Nc3 Ng4 6. Rf1 d6 7. h3 Nh6 8. Qe2
Nc6 9. Bxh6 gxh6 10. Qd2 Nb4 11. a3 Nc6 12. Qxh6 Nd4 13. Nxd4 Bxd4 14. Qh5+ Ke7
15. Qf7# 1-0

[Event "AUTO-INT-2910"]
[Site "http://www.queenalice.com/game.php?id=1313677"]
[Date "2014.10.9"]
[Round "1"]
[White "rocket"]
[Black "LeandroJunio"]
[Result "0-1"]
[WhiteElo "1547"]
[BlackElo "1637"]

1. e4 e5 2. Bc4 Nc6 3. Nf3 Nf6 4. Ng5 d5 5. exd5 Nxd5 6. d3 Be7 7. Nf3 Be6 8.
Qe2 Nf4 9. Bxf4 Bxc4 10. Nxe5 Bd5 11. Nxc6 bxc6 12. f3 O-O 13. Nc3 Re8 14. Qd2
Ba3+ 15. Be3 Bxb2 16. Rb1 Bxc3 17. Qxc3 Rxe3+ 18. Kd1 Bxa2 19. Rb2 Bd5 20. Qc5
Qe8 21. Qa5 Qe7 22. Qd2 Re8 23. c4 Re2 24. Qc3 Rxb2 25. Qxb2 Be6 26. h4 Qd7 27.
Kd2 Bxc4 28. g4 Qxd3+ 29. Kc1 Qxf3 30. Rg1 Qe3+ 31. Kb1 Qxg1+ 32. Kc2 Re2+ 33.
Kc3 Rxb2 34. Kxb2 Qxg4 35. Kc3 a5 36. Kc2 f5 37. h5 f4 38. h6 f3 39. hxg7 f2 40.
Kc3 f1=Q 41. Kb2 Qfe2+ 42. Kc3 Qd3+ 43. Kb2 Qg2+ 44. Ka1 Qdf1# 0-1

[Event "AUTO-INT-2910"]
[Site "http://www.queenalice.com/game.php?id=1313678"]
[Date "2014.10.9"]
[Round "1"]
[White "LeandroJunio"]
[Black "rocket"]
[Result "1-0"]
[WhiteElo "1642"]
[BlackElo "1560"]

1. e4 e5 2. Nf3 Nc6 3. Nc3 Bc5 4. Bc4 h6 5. O-O Nf6 6. d3 d6 7. Be3 Bg4 8. Na4
Bb6 9. Nxb6 cxb6 10. c3 g5 11. Qb3 Qd7 12. d4 Bxf3 13. gxf3 Rh7 14. Bb5 Qh3 15.
Qd1 g4 16. f4 g3 17. fxg3 Ng4 18. Qe2 h5 19. dxe5 dxe5 20. fxe5 Nxe5 21. Rad1
Qe6 22. Bf4 Ng4 23. Rd6 Qxa2 24. Rfd1 h4 25. Qxg4 Kf8 26. Bxc6 bxc6 27. Rd8+
Rxd8 28. Rxd8+ Ke7 29. Rd7+ Kf6 30. e5# 1-0

[Event "Challenge"]
[Site "http://www.queenalice.com/game.php?id=1318640"]
[Date "2014.10.28"]
[Round "-"]
[White "gobblemate"]
[Black "rocket"]
[Result "0-1"]
[WhiteElo "1286"]
[BlackElo "1534"]

1. d4 d5 2. Nf3 Bf5 3. e3 Nc6 4. c4 Nf6 5. Nc3 e6 6. Qb3 Nb4 7. Kd2 Be7 8. Ne1
a5 9. a3 Nc6 10. Qxb7 Na7 11. Qb3 c6 12. f3 h6 13. Bd3 Rb8 14. Qa2 Nc8 15. Nc2
Nb6 16. b3 Qd7 17. c5 Nc8 18. Bxf5 exf5 19. h4 Nh5 20. Ne2 Na7 21. Kc3 Qb7 22.
a4 Qxb3+ 23. Qxb3 Rxb3+ 24. Kxb3 O-O 25. Bd2 Rb8+ 26. Ka3 Bd8 27. Rab1 Ra8 28.
g4 fxg4 0-1

[Event "Challenge"]
[Site "http://www.queenalice.com/game.php?id=1318641"]
[Date "2014.10.28"]
[Round "-"]
[White "rocket"]
[Black "gobblemate"]
[Result "1-0"]
[WhiteElo "1470"]
[BlackElo "1764"]

1. e4 c5 2. Bc4 e6 3. Nf3 Qc7 4. Nc3 Nc6 5. a3 Nf6 6. d3 a6 7. Qe2 Be7 8. Be3 d6
9. Ba2 O-O 10. O-O-O Bd7 11. Rd2 Rad8 12. h4 Ng4 13. Ne1 Nxe3 14. Qxe3 Nd4 15.
g4 e5 16. Nd5 1-0